Byliners : (Record no. 133432)

MARC details
000 -LEADER
fixed length control field 00576nam a2200205 a 4500
008 - FIXED-LENGTH DATA ELEMENTS--GENERAL INFORMATION
fixed length control field
020 ## - INTERNATIONAL STANDARD BOOK NUMBER
International Standard Book Number 9780953643097(pbk.)
049 ## - LOCAL HOLDINGS (OCLC)
Holding library MAIN
090 ## - LOCALLY ASSIGNED LC-TYPE CALL NUMBER (OCLC); LOCAL CALL NUMBER (RLIN)
Classification number (OCLC) (R) ; Classification number, CALL (RLIN) (NR) PN4784.F76
Local cutter number (OCLC) ; Book number/undivided call number, CALL (RLIN) PUL
003 - CONTROL NUMBER IDENTIFIER
control field
005 - DATE AND TIME OF LATEST TRANSACTION
control field 20230123124952.0
040 ## - CATALOGING SOURCE
Transcribing agency NUST
100 1# - MAIN ENTRY--PERSONAL NAME
Personal name Cedric,Pulford
245 10 - TITLE STATEMENT
Title Byliners :
Remainder of title 101 ways to be a freelance jounalist/
-- Cedric Pulford
260 ## - PUBLICATION, DISTRIBUTION, ETC.
Place of publication, distribution, etc. London : Ituri Publications,
Date of publication, distribution, etc. 2009
300 ## - PHYSICAL DESCRIPTION
Extent 128 p. ;
Dimensions 18 cm.
650 #1 - SUBJECT ADDED ENTRY--TOPICAL TERM
Topical term or geographic name entry element Freelancing
907 ## - LOCAL DATA ELEMENT G, LDG (RLIN)
a .b10268170
b 02-10-09
c 02-10-09
942 ## - ADDED ENTRY ELEMENTS (KOHA)
Koha item type Ordinary Loan Books
Call number prefix PN4784.F76
Call number suffix PUL
Holdings
Date last seen Total Checkouts Full call number Barcode Cost, replacement price Price effective from Koha item type Lost status Source of classification or shelving scheme Damaged status Not for loan Collection Withdrawn status Home library Current library Shelving location Date acquired Cost, normal purchase price
01/23/2023 1 PN4784.F76 PUL 92004011864 80.00 01/23/2023 BOOKS   LCC     NFIC   MAIN MAIN GEN 01/23/2023 80.00